Vlastivedný obzor

Bibliographic Details
Format: Serial
Language:Slovak
PhysicalDescription:2 zv. 21 cm
Published: Trenčín Okresné múzeum 1962-1966
1966 Trenčín Múzeum a hrad v Trenčíne
Subjects:

MARC

LEADER 00000cas a2200000 a 4500
001 vtls001269815
003 SK-MaSNL
005 20260228163700.0
008 961211d19621966xo x 0 0 0slo
035 |a SNK000220881 
040 |a SNK  |b slo  |c SNK  |e AACR2 
041 0 |a slo 
044 |a xo  |c SK 
072 7 |a 9  |x Geografia. Biografické štúdie. Dejiny  |2 konspekt 
072 7 |a 069  |x Múzeá. Muzeológia. Múzejníctvo. Výstavy  |2 konspekt 
080 |a 908  |2 2011 
080 |a 069  |2 2011 
080 |a 050  |2 2011 
080 |a (051)-048.55  |2 2011 
245 0 0 |a Vlastivedný obzor 
260 |a Trenčín  |b Okresné múzeum  |c 1962-1966 
260 3 |a 1966  |a Trenčín  |b Múzeum a hrad v Trenčíne 
300 |a 2 zv.  |c 21 cm 
310 |a Nepravidelne 
362 0 |a 1962 ; 1966 
650 0 7 |a vlastiveda  |2 SNKPH  |9 3887 
650 0 7 |a múzeá  |2 SNKPH  |9 4119 
655 7 |a špecializované časopisy  |9 70509 
910 |a snk 
999 |c 10249  |d 12179 
952 |0 0  |1 0  |4 0  |7 0  |a SNK  |b SNK  |d 2012-12-17  |i snkKSP 4616/63  |l 0  |o snkČSB 1137/1962 D2  |p 17A1053617  |r 2026-02-21 21:23:33  |w 2026-02-21  |y PREZ 
952 |0 0  |1 0  |4 0  |7 0  |a SNK  |b SNK  |d 1996-12-11  |l 0  |o snkČSB 1137/1966  |p 17A0025642  |r 2005-01-01 00:00:00  |w 2026-02-21  |y PREZ 
952 |0 0  |1 0  |4 0  |7 0  |a SNK  |b SNK  |d 1996-12-11  |l 0  |o snkČSB 1137/1962  |p 17A0025603  |r 2005-01-01 00:00:00  |w 2026-02-21  |y PREZ 
952 |0 0  |1 0  |4 0  |7 0  |8 3  |a SNK  |b SNK  |d 2017-04-03  |i snkK 2460/74  |l 0  |o snkČSB 1137/1966 D1  |p 17A1187186  |r 2026-02-21 22:04:13  |w 2026-02-21  |y PREZ